Educación Media de Adultos: 1er ciclo, texto cuaderno
Saved in:
| Main Authors: | , , , , , , , |
|---|---|
| Format: | Bog |
| Sprog: | spansk |
| Udgivet: |
Santiago
MINEDUC
2000
|
| Serier: | Area de Lenguaje y Comunicación
|
| Fag: | |
| Tags: |
Tilføj Tag
Ingen Tags, Vær først til at tagge denne postø!
|
MARC
| LEADER | 00000nam a2200000 a 4500 | ||
|---|---|---|---|
| 001 | UCO9290 | ||
| 003 | CL-VaPUC | ||
| 008 | 010125e20000000CL |||||||||||||||||spa|d | ||
| 082 | 0 | 4 | |a 374.01 |b EGA |2 21 |
| 100 | 0 | |a Egaña Baraona, Loreto |e author |9 454384 | |
| 700 | |a Infante Roldán, María Isabel |e author |9 562504 | ||
| 700 | 0 | |a Carrasco Bertrand, María Isabel |e author |9 454386 | |
| 700 | 0 | |a Casassus Bulnes, Ana |e author |9 454387 | |
| 700 | 0 | |a Colomer Salazar, Carmen |e author |9 454388 | |
| 700 | 0 | |a Hahn Caballero, María Soledad |e author |9 454389 | |
| 700 | |a Infante Roldán, María Isabel |e author |9 562504 | ||
| 700 | 0 | |a Murúa Arroyo, Vivian |e author |9 454390 | |
| 700 | 0 | |a Pavez Ormazábal |e author |9 454391 | |
| 245 | 1 | 0 | |a Educación Media de Adultos: 1er ciclo, texto cuaderno |
| 300 | |a 228 p | ||
| 942 | |c BK | ||
| 945 | |d 20010125 00:00:00 |a cmena | ||
| 260 | |a Santiago |b MINEDUC |c 2000 | ||
| 650 | 0 | |a Educación de adultos |9 307580 | |
| 650 | 0 | |a Educación lingüística |9 306506 | |
| 650 | 0 | |a Métodos de enseñanza |9 270413 | |
| 583 | |a last modification |c 20010125 00:00:00 |k Rodrigo Vera | ||
| 490 | 0 | |a Area de Lenguaje y Comunicación | |
| 999 | |c 293551 |d 293549 | ||
| 952 | |0 0 |1 0 |4 0 |6 374_010000000000000_EGA_2000 |7 0 |8 A |9 345141 |a BIBEDU |b BIBEDU |d 2019-11-20 |i 3685950 |o 374.01 EGA 2000 |p 3685950 |r 2019-11-20 |w 2019-11-20 |y BK |k BME | ||